Budapest 133E Bus Stops - Statistics

General Stats
  • This quiz has been taken 23 times
    22 since last reset
  • The average score is 21 of 40
Answer Stats
Stop / Terminus % Correct
Blaha Lujza tér M
88%
Keleti pályaudvar M
88%
Zugló vasútállomás
88%
Uránia
82%
Astoria M
76%
Bosnyák tér
76%
Ferenciek tere M
76%
Újpalota, Nyírpalota út
76%
Városház tér
76%
Budafoki út / Dombóvári út
71%
Budafoki út / Karinthy Frigyes út
71%
Budafoki út / Szerémi sor
71%
Március 15. tér
71%
Szent Gellért tér - Műegyetem M
71%
Reiner Frigyes park
65%
Fő tér
59%
Háros vasútállomás
59%
Vásárcsarnok
59%
Hengermalom út
47%
Leányka utcai lakótelep
47%
Molnár Viktor utca
47%
Tisza István tér
47%
Angeli utca / Nagytétényi út
41%
Háros utca
41%
Jókai Mór utca
41%
Kelenföldi Erőmű
41%
Nagytétény, ipartelep
41%
Savoyai Jenő tér
41%
Budatétény vasútállomás (Növény utca)
35%
Lépcsős utca
35%
Nagytétény, Erdélyi utca
35%
Akó utca
29%
Építész utca
29%
Miskolci utca / Csömöri út
29%
Petőfi Sándor utca
29%
Bányalég utca
24%
Bartók Béla út
24%
Dózsa György út
24%
Szabadság utca
24%
Tenkes utca
24%
No matching quizzes found
Score Distribution
Percent of People with Each Score
Percentile by Number Answered
Your Score History
You have not taken this quiz since the last reset